| 000 | 00398nam a22001337a 4500 | ||
|---|---|---|---|
| 999 |
_c525673 _d525673 |
||
| 008 | 240404b ||||| |||| 00| 0 eng d | ||
| 100 |
_aGupta, Krishna Kumar _951521 |
||
| 245 | _aInterim budget 2024-25: Opportunities for cooperative sector | ||
| 260 | _aThe Cooperator | ||
| 300 | _a61(8), Feb, 2024: p.6-9 | ||
| 650 |
_aBudget 2024-25 _951522 |
||
| 906 | _aPUBLIC FINANCE | ||
| 942 |
_cAR _2ddc |
||